Music Quiz

Random Music Quiz

The Good, The Bad, And The Dirty lyrics Quiz Stats

 Plays Quiz not verified by Sporcle

Challenge
Share
Tweet
Embed
Score 0/281 Timer 11:00
0 Plays Today
Hint lyric % Correct
the
99%
the
99%
the
99%
the
99%
the
99%
the
99%
the
99%
the
99%
the
99%
the
99%
the
99%
the
99%
go
99%
the
99%
the
99%
the
99%
the
99%
the
99%
the
99%
the
99%
the
99%
the
99%
the
99%
the
99%
good
98.7%
good
98.7%
good
98.7%
good
98.7%
good
98.7%
Good
98.7%
good
98.7%
good
98.7%
good
98.7%
good
98.7%
a
98.4%
a
98.4%
a
98.4%
a
98.4%
a
98.4%
a
98.4%
a
98.4%
a
98.4%
bad
98.1%
dirty
98.1%
bad
98.1%
dirty
98.1%
I
98.1%
bad
98.1%
I
98.1%
I
98.1%
bad
98.1%
dirty
98.1%
I
98.1%
bad
98.1%
dirty
98.1%
and
97.7%
and
97.7%
and
97.7%
And
97.7%
and
97.7%
and
97.7%
And
97.7%
and
97.7%
And
97.7%
And
97.7%
And
97.7%
and
97.7%
Oh
94.8%
it
94.2%
it
94.2%
it
94.2%
it
94.2%
it
94.2%
it
94.2%
it
94.2%
to
91.9%
to
91.9%
to
91.9%
to
91.9%
to
91.9%
to
91.9%
my
91.6%
my
91.6%
my
91.6%
my
91.6%
my
91.6%
you
90.9%
you
90.9%
you
90.9%
you
90.9%
you
90.9%
you
90.9%
you
90.9%
you
90.9%
Hint lyric % Correct
you
90.9%
you
90.9%
you
90.9%
you
90.9%
you
90.9%
you
90.9%
like
90%
like
90%
like
90%
like
90%
like
90%
like
90%
one
88.7%
one
88.7%
one
88.7%
one
88.7%
of
88%
of
88%
of
88%
of
88%
If
87.4%
if
87.4%
If
87.4%
if
87.4%
If
87.4%
if
87.4%
that
87.1%
that
87.1%
that
87.1%
that
87.1%
that
87.1%
better
85.4%
better
85.4%
better
85.4%
better
85.4%
better
85.4%
better
85.4%
start
85.1%
start
85.1%
start
85.1%
wanna
84.8%
fight
84.8%
wanna
84.8%
wanna
84.8%
fight
84.8%
wanna
84.8%
wanna
84.8%
fight
84.8%
wanna
84.8%
make
84.5%
make
84.5%
make
84.5%
make
84.5%
make
84.5%
make
84.5%
first
84.1%
first
84.1%
first
84.1%
in
83.8%
say
83.8%
say
83.8%
in
83.8%
say
83.8%
was
83.5%
name
83.5%
was
83.5%
name
83.5%
name
83.5%
punch
82.8%
punch
82.8%
punch
82.8%
so
82.5%
so
82.5%
always
81.9%
night
81.9%
night
81.9%
night
81.9%
throw
81.2%
through
81.2%
throw
81.2%
through
81.2%
throw
81.2%
through
81.2%
is
80.6%
going
80.6%
end
80.6%
Truth
79.3%
head
77.7%
girls
77%
love
76.7%
love
76.7%
buzzing
76.4%
all
76.4%
all
76.4%
Hint lyric % Correct
all
76.4%
act
75.4%
know
75.4%
know
75.4%
symphony
74.8%
turn
74.8%
Turn
74.8%
for
74.4%
summer
74.1%
what
73.8%
what
73.8%
us
73.8%
wait
72.8%
their
72.8%
think
72.5%
think
72.5%
your
72.2%
your
72.2%
it's
71.8%
have
71.5%
ones
71.5%
ones
71.5%
hate
71.5%
market
70.9%
filth
70.9%
holy
70.6%
true
70.2%
Don't
70.2%
day
70.2%
sold
69.9%
I've
69.9%
education
69.6%
doesn't
69.3%
used
69.3%
them
68.9%
roller
68.9%
trade
68.6%
hey
67.6%
took
67.3%
ever
67.3%
ya
67%
ya
67%
ya
67%
want
66.3%
friends
65%
friends
65%
Til
63.1%
stone
62.8%
memory
62.5%
got
62.5%
shoulder
61.5%
how
60.8%
final
60.8%
I'm
60.8%
I'm
60.8%
I'm
60.8%
judgement
60.2%
gonna
60.2%
gonna
60.2%
gonna
60.2%
carve
59.9%
hold
59.5%
any
59.5%
feel
59.5%
fall
59.2%
can
58.9%
or
58.9%
But
58.9%
only
58.3%
grudges
58.3%
keep
58.3%
keep
58.3%
There's
57.9%
two
57.9%
things
57.9%
right
57.6%
now
57.6%
ways
57.3%
about
57.3%
forgot
56.6%
not
56.6%
long
56.3%
won't
55.3%
This
55%
these
55%
been
54.7%
gone
54.4%
underneath
54%
underneath
54%
our
54%
you've
51.1%
getting
46.6%
getting
46.6%

You're not logged in!

Compare scores with friends on all Sporcle quizzes.
Join for Free
OR
Log In

You Might Also Like...

Show Comments

Extras

Top Quizzes Today


Score Distribution

Your Account Isn't Verified!

In order to create a playlist on Sporcle, you need to verify the email address you used during registration. Go to your Sporcle Settings to finish the process.

Report this User

Report this user for behavior that violates our Community Guidelines.

Details: